Les territoires contestés dans le monde - Statistiques

Statistiques générales
  • Ce quiz a été pris 30 fois
  • Le résultat moyen est 24 sur 82
Statistiques - réponses
Type de contestation Continent Territoire 1er(s) pays Pays contestaire(s) % Correct
Litige frontalier Amérique Détroit de Béring Russie États-Unis
83%
Litige frontalier Amérique Mer de Beaufort - Entrée Dixon - Détroit de Juan de Fuca Canada États-Unis
79%
Litige frontalier Europe Îles Féroé Danemark Irlande | Islande | Royaume-Uni
58%
Litige frontalier Europe Massif du Mont Blanc France Italie
58%
Litige frontalier Afrique Frontière maritime Ghana Côte d'ivoire
54%
Revendication de la possession Afrique Ile Alboran - Enclaves de Ceuta et Mellila - Iles Chafarinas - Ilot Persil - Rocher Badis - Iles Alhucemas Espagne Maroc
50%
Litige frontalier Europe Frontière terrestre Croatie Serbie
50%
Personne n'occupe ce territoire cependant revendiqué en théorie Afrique Territoire de Bir Tawil Soudan Egypte
46%
Litige frontalier Europe Mer Égée Turquie Grèce
46%
Litige frontalier Asie Mer Caspienne Russie Kazakhstan | Turkménistan | Azerbaïdjan | Iran
46%
Litige frontalier Afrique Lac Albert RD Congo Ouganda
46%
Revendication de la possession Amérique Géorgie du Sud-et-les îles Sandwich du Sud - Îles Malouines Royaume-Uni Argentine
42%
Personne n'occupe ce territoire cependant revendiqué en théorie Europe Ecueils Rockall Royaume-Uni Danemark | Irlande | Islande
42%
Litige frontalier Asie Estuaire de Creek Inde Pakistan
42%
Personne n'occupe ce territoire cependant revendiqué en théorie Asie Deir el Achayer Liban Syrie
42%
Revendication de la possession Amérique Région d'Atacama et ville d'Arica Chili Bolivie | Pérou
38%
Revendication de la possession Afrique Ile de Mayotte France Comores
38%
Revendication de la possession Amérique Baie de Guantanamo États-Unis Cuba
38%
Litige frontalier Europe Estuaires de la Foyle et de Carlingford Royaume-Uni Irlande
38%
Litige frontalier Asie Vallée de Ferghana Kirghizistan Ouzbékistan | Tadjikistan
38%
Litige frontalier Europe Région de la Mura - Golfe de Piran Croatie Slovénie
38%
Litige frontalier Asie Zone de Preah Vihear Cambodge Thaïlande
38%
Revendication de la possession Amérique Archipel de Los Monjes Venezuela Colombie
33%
Revendication de la possession Asie Ile de Baengnyeong - Ile de Daecheong - Archipel de Yeonpyeong Corée du Sud Corée du Nord
33%
Revendication de la possession Europe Gibraltar Royaume-Uni Espagne
33%
Revendication de la possession Afrique Territoire de KaNgwane Afrique du Sud Eswatini
33%
Revendication de la possession Amérique Île Machias Seal Canada États-Unis
33%
Revendication de la possession Amérique Sud du Belize - Caya Ranguana Belize Guatemala
33%
Revendication de la possession Afrique Iles Bassas da India, Europa, Glorieuses et Juan de Nova France Madagascar
33%
Triple revendication de frontières Amérique Plateau continental du golfe du Mexique Cuba Mexique | États-Unis
33%
Revendication de la possession Asie Territoire de Jammu-et-Cachemire - Inde Pakistan
33%
Revendication de la possession Europe Crimée - Régions de Donetsk, de Kherson, de Louhansk et de Zaporijjia Ukraine Russie
33%
Revendication de la possession Afrique Ville de Heglig Soudan Soudan-du-Sud
33%
Revendication de la possession Amérique Delta du Cutari Guyana Suriname
33%
Revendication de la possession Asie Plateau du Golan Israël Syrie
33%
Personne n'occupe ce territoire cependant revendiqué en théorie Asie Îles Spratleys Chine Taïwan | Vietnam | Philippines | Malaisie | Brunei
33%
Revendication de la possession Amérique Territoire de Guayana Esequiba Guyana Venezuela
33%
Revendication de la possession Asie Ile de Tsushima Japon Corée du Sud
29%
Revendication de la possession Amérique Cayes Sapodilla Belize Guatemala | Honduras
29%
Revendication de la possession Asie Azad Cachemire - Gilgit-Baltistan Pakistan Inde
29%
Revendication de la possession Asie Fermes de Chebaa Israël Liban
29%
Revendication de la possession Afrique Région de l'Ogaden Éthiopie Somalie
29%
Revendication de la possession Afrique Triangle d'Hala'ib Egypte Soudan
29%
Revendication de la possession Asie Îles Senkaku Japon Taïwan | Chine
29%
Litige frontalier Asie Frontière terrestre Inde Birmanie
25%
Revendication de la possession Asie Îles Paracels Vietnam Chine
25%
Revendication de la possession Afrique Ile Corisco Guinée équatoriale Gabon
25%
Revendication de la possession Afrique Ile de Mbanié Gabon Guinée équatoriale
25%
Revendication de la possession Asie Îles Kouriles Russie Japon
25%
Revendication de la possession Asie Rochers Liancourt Corée du Sud Japon
25%
Revendication de la possession Europe Ville d'Olivença Espagne Portugal
25%
Revendication de la possession Amérique Ile de Conejo Honduras Salvador
25%
Revendication de la possession Europe Rivière Una Croatie Bosnie-Herzégovine
21%
Revendication de la possession Afrique Village de Koalou Bénin Burkina Faso
21%
Revendication de la possession Asie Etat d'Arunachal Pradesh Inde Chine
21%
Revendication de la possession Europe Îles Selvagens Portugal Espagne
21%
Revendication de la possession Europe Péninsule de Prevlaka Croatie Monténégro
21%
Revendication de la possession Asie Etat de Sabah Malaisie Philippines
21%
Revendication de la possession Amérique Triangle d'Alitani-Marwini France Suriname
21%
Revendication de la possession Asie Territoire du Sandjak d'Alexandrette Turquie Syrie
21%
Revendication de la possession Afrique Cap et île de Douméra Érythrée Djibouti
17%
Revendication de la possession Afrique Triangle d'Ilemi Kenya Éthiopie | Soudan du Sud
17%
Revendication de la possession Asie Ile de Bubiyan Koweït Irak
17%
Revendication de la possession Asie Chatt-el-Arab Iran Irak
17%
Revendication de la possession Europe Rîpa de la Mîndreşti Ukraine Moldavie
17%
Revendication de la possession Afrique Village de Kimba Soudan-du-Sud RD Congo
17%
Revendication de la possession Europe Île Maican - Golfe de Musura Ukraine Roumanie
17%
Litige frontalier Amérique Ile Saint-Barthélemy France Antigua-et-Barbuda
13%
Revendication de la possession Asie Territoire d'Aksai Chin Chine Inde
13%
Revendication de la possession Afrique Archipel des Chagos Royaume-Uni Maurice
13%
Revendication de la possession Afrique Ile Tromelin Maurice
13%
Revendication de la possession Amérique Île de la Providence - Île Santa Catalina Colombie Nicaragua
13%
Revendication de la possession Afrique Ilot de Migingo Kenya Ouganda
13%
Revendication de la possession Asie Ile d'Abu Moussa Iran Émirats arabes unis
8%
Revendication de la possession Asie Iles Tunb Iran Émirats arabes unis
8%
Revendication de la possession Océanie Île Wake États-Unis Marshall
8%
Revendication de la possession Amérique Île San Andrés Colombie Nicaragua
8%
Revendication de la possession Amérique Banc de Serranilla Colombie Nicaragua | Jamaïque | États-Unis
8%
Revendication de la possession Amérique Bancs Rocador, Quito Sueno, Serrana, Bajo Nuevo et East south east Colombie Nicaragua | Jamaïque | États-Unis | Honduras
8%
Revendication de la possession Amérique Île de la Navasse - Îlot Soldado Venezuela Trinité-et-Tobago
8%
Revendication de la possession Océanie Île Hunter - Île Matthew - Île Walpole France Vanuatu
8%
Revendication de la possession Amérique Isla de Aves Venezuela Dominique
4%
Aucun quiz correspondant
Distribution des résultats
% des personnes avec chaque résultat
Percentile par nombre de réponses
Votre historique - résultats
Vous n’avez pas pris ce quiz